00310nam a2200109Ia 4500008004100000082001200041100001900053245008500072250002400157260000900181300001000190190415s9999 xx 000 0 und d aTP.0003 aPraveenlal, K. 0aAged seeking psychiatric help an explorative study into physical disabilities an aAll India Institute c1986 a151p.